01684nam a2200421 i 450000100060000000300080000600500170001400600190003100700150005000800410006502000270010602000180013303500230015103500240017403500250019803500210022304000310024405000220027508000100029708200160030724501950032326400670051830000410058533600310062633700330065733800430069050000220073350400290075558801250078465000420090965000490095165100390100065100440103965500270108370000450111070000450115585600620120047356FlNmELB20241216231846.0m o d | cr cnu||||||||150323s2014 sp ob 001 0 spa d a9788416312191 (e-book) z9788415941804 a(MiAaPQ)EBC3226663 a(Au-PeEL)EBL3226663 a(CaPaEBR)ebr11002033 a(OCoLC)992081636 aFINmELBbspaerdacFINmELB 4aJV8252b.I57 2014 a304.20 a304.84622300aInmigración, formación e inclusión sociolaboral :bun estudio de pedagogía intercultural /cJuan José Leiva Olivencia (dir.) ; Mariángela Márquez Pérez [y otros 4] (autores). 1aSan Vicente (Alicante) :bEditorial Club Universitario,c2014. a1 recurso en línea (222 páginas) atextobtxt2rdacontent/spa acomputadorabc2rdamedia/spa arecurso en líneabcr2rdacarrier/spa aIncluye índice. aContiene bibliografía. aDescripción basada en recurso en línea; Título de la página del título en PDF (e-libro, visto March 23, 2015). 0aImmigrantszSpainxSocial conditions. 4aInmigranteszEspañaxCondiciones sociales. 0aSpainxEmigration and immigration. 4aEspañaxEmigración e inmigración. 4aLibros electrónicos.1 aLeiva Olivencia, Juan José,edirector.1 aMárquez Pérez, Mariángela,eautor.40uhttps://elibro.net/ereader/politecnicointernacional/43985